000
00267nam a2200109Ia 4500
008
200302s9999 xx 000 0 und d
100
_a
Zentrum Paul Klee, Bern
245
_a
The Architecture
260
_b
Hatje Cantz Verlaj, Germany
260
_c
2006
300
_a
159 P
999
_c
4884
_d
4884